Statistics for All Jacks Adams Award Winners

Click here to take the quiz!

General Stats

  • This quiz has been taken 9 times
    (5 since last reset)
  • The average score is 17 of 45

Answer Stats

YearAnswer% Correct
2016Barry Trotz
100%
2018Gerard Gallant
75%
1987Jacques Demers
75%
1988Jacques Demers
75%
2007Alain Vigneault
50%
1979Al Arbour
50%
2001Bill Barber
50%
2008Bruce Boudreau
50%
2009Claude Julien
50%
1999Jacques Martin
50%
2000Joel Quenneville
50%
2004John Tortorella
50%
1995Marc Crawford
50%
1985Mike Keenan
50%
1989Pat Burns
50%
1993Pat Burns
50%
2014Patrick Roy
50%
1977Scotty Bowman
50%
1996Scotty Bowman
50%
1978Bobby Kromm
25%
2015Bob Hartley
25%
1990Bob Murdoch
25%
1975Bob Pulford
25%
1991Brian Sutter
25%
1984Bryan Murray
25%
2011Dan Bylsma
25%
2010Dave Tippett
25%
1976Don Cherry
25%
1974Fred Shero
25%
1986Glen Sather
25%
1994Jacques Lemaire
25%
2003Jacques Lemaire
25%
2017John Tortorella
25%
2012Ken Hitchcock
25%
2006Lindy Ruff
25%
2005Lockout
25%
1983Orval Tessier
25%
1998Pat Burns
25%
1992Pat Quinn
25%
1980Pat Quinn
25%
2013Paul MacLean
25%
1981Red Berenson
25%
1997Ted Nolan
25%
1982Tom Watt
25%
2002Bobby Francis
0%

Score Distribution

Percentile by Number Answered

Percent of People with Each Score

Your Score History

You have not taken this quiz since the last reset